Ricostruisci la Carriera del Calciatore - Rodrigo Palacio - Statistics

Statistiche generali
  • Questo quiz è stato fatto 3 volte
  • Il punteggio medio è 3 su 7
Statistiche sulle risposte
Hint Risposta % Corretto
2002-2004 Huracán (TA)
100%
2009-2012 Genoa
67%
2004-2005 Banfield
33%
2005-2009 Boca Juniors
33%
2017-2021 Bologna
33%
2021-2022 Brescia
33%
2012-2017 Inter
33%
Nessun quiz corrispondente trovato
Distribuzione punteggi
Percentuale di utenti per punteggio
Percentile per numero di risposta
I tuoi punteggi nel tempo
Non hai fatto questo quiz